000 00239nam a22001097a 4500
082 _a540
100 _aGupta,Preeti
_983073
245 _aHand Book Chemistry
260 _aMeerut UP
_bArihant
_c2024
650 _aChemistry
942 _cC. BOOKS
999 _c67838
_d67838